Jonathan livingston seagull : a story /
| Materialtyp: | Bok |
|---|---|
| Språk: | English |
| Classic Catalogue: | View this record in Classic Catalogue |
| LEADER | 00493nam a22001697a 4500 | ||
|---|---|---|---|
| 001 | 42130 | ||
| 003 | BD-DhAAL | ||
| 005 | 20240205132221.0 | ||
| 008 | 240205t20151970enka|||| |||| 00| 0 eng d | ||
| 020 | |a 9788172235789 | ||
| 020 | |a 0025045415 | ||
| 040 | |a BD-DhAAL |d BD-DhAAL | ||
| 082 | |a 813.54 |2 20 | ||
| 245 | |a Jonathan livingston seagull : |b a story / |c by Richard Bach ; photographs by Russell Munson. | ||
| 300 | |a 93 p., [8] p. of plates : |b illustrations ; |c 23 cm. | ||
| 942 | |2 ddc |c BK | ||
| 999 | |c 46391 |d 46391 | ||